The apostolic fathers; Vol. 5. (Record no. 15401)

000 -LEADER
fixed length control field 00625nam a2200181 a 4500
001 - CONTROL NUMBER
control field :::00014235$&:&@@
003 - CONTROL NUMBER IDENTIFIER
control field OkBaRHE
005 - DATE AND TIME OF LATEST TRANSACTION
control field 20000829085707.0
008 - FIXED-LENGTH DATA ELEMENTS--GENERAL INFORMATION
fixed length control field s1981 j 000 0 eng u
040 ## - CATALOGING SOURCE
Transcribing agency
100 1# - MAIN ENTRY--PERSONAL NAME
Personal name Lightfoot, J. B. (Joseph Barber),
245 14 - TITLE STATEMENT
Title The apostolic fathers; Vol. 5.
260 ## - PUBLICATION, DISTRIBUTION, ETC. (IMPRINT)
Place of publication, distribution, etc Grand Rapids, MI., :
Name of publisher, distributor, etc Baker Book House
Date of publication, distribution, etc 1981
300 ## - PHYSICAL DESCRIPTION
Extent illus. ;
Dimensions 23 cm.
650 ## - SUBJECT ADDED ENTRY--TOPICAL TERM
Topical term or geographic name as entry element Christian Literature, Early (Collections)
942 ## - ADDED ENTRY ELEMENTS (KOHA)
Source of classification or shelving scheme
Koha item type Books
Copies
Price effective from Date acquired Copy number Not for loan Full call number Withdrawn status Current Location Source of classification or shelving scheme Lost status Permanent Location Damaged status Barcode Date last seen Koha item type Shelving location
2010-04-142010-04-141 BR 60 .A62 L5 v.4 RHEMA Bible Training College  RHEMA Bible Training College 142352018-01-16BooksGeneral Stacks